000 00464nam a22001577a 4500
003 OSt
005 20151007104600.0
008 151007b xxu||||| |||| 00| 0 eng d
040 _cRUA
082 _aAVM TEK 2006 B077 Or.1
100 _92255
_aTEKSENG SOKUN
245 _aEffect of antibiotic use on diarrhea in piglet in srey santhor district, kampong cham province)
260 _aphnom penh
_brua
_c2006
300 _aviii, 32p.
_bill.
_c29cm.
942 _2ddc
_cAVM
999 _c2124
_d2124